Statistics for 50 Most common Dutch words

Click here to take the quiz!

General Stats

  • This quiz has been taken 291 times
  • The average score is 24 of 50

Answer Stats

RankWord% Correct
1ik
92%
4de
89%
7een
85%
3het
84%
37jij
74%
17hij
71%
27ben
69%
12we
69%
18zijn
68%
50nee
67%
21me
64%
9en
63%
14ze
63%
2je
62%
23heb
60%
5is
60%
40ja
59%
15op
59%
6dat
56%
30u
54%
13in
48%
29mijn
46%
46moet
45%
20maar
43%
8niet
43%
10wat
43%
31dit
42%
11van
42%
22die
40%
49hebben
40%
16te
40%
25met
39%
33om
38%
32aan
37%
26als
35%
19er
35%
38zo
35%
41kan
33%
28was
33%
44wel
33%
45wil
32%
24voor
31%
35naar
30%
36dan
28%
48hem
24%
47goed
23%
42geen
21%
34hier
19%
39weet
12%
43nog
11%

Score Distribution

Percentile by Number Answered

Percent of People with Each Score

Your Score History

You have not taken this quiz